000 01188nam0a22003011 4500
001 rc\2156253
005 20260406170629.0
035 _a(NLR Aleph) 006704746
090 _a5281081
_c5281081
100 _a20110829d1978 |||y0rusy50 ca
101 0 _arus
102 _aRU
105 _ay z |||||
200 1 _aСортиментные таблицы осиновых древостоев Северного Казахстана
_fМ-во лесн. хоз-ва КазССР
_g[Сост. В.М. Кричун, В.Т. Внучков]
210 _aАлма-Ата
_c[Б. и.]
_d1978
215 _a29 с.
_d19
606 _aОсина
_jСортиментные таблицы
_2psbo
606 _aОсинники
_jТаблицы
_xТаксация
_yСеверный Казахстан
_2psbo
702 1 _aВнучков
_bВ.Т.
_4220
702 1 _aКричун
_bВ.М.
_4220
712 0 1 _aКазССР
_bМинистерство лесного хозяйства
_3RU\NLR\AUTH\889937978
_9370765
801 0 _aRU
_bNLR
_gpsbo
801 1 _aRU
_bELAR
_2rusmarc
852 _aNLR
_j78-4/24332
899 _aRuMoRGB
_jБ 78-51/1077
899 _aRuMoRGB
_jБ 78-51/1078
942 _cBOOK
980 _aNB